[Event "Ghent op 45th"]
[Site "Ghent"]
[Date "2024.07.20"]
[Round "2"]
[White "De Witte, Stein"]
[Black "Van der Stricht, Geert"]
[Result "0-1"]
[WhiteElo "1945"]
[BlackElo "2301"]
[PlyCount "102"]
[EventDate "2024.07.20"]
[EventType "swiss"]
[EventRounds "9"]
[EventCountry "BEL"]
[SourceTitle "CBM 221 Extra"]
[Source "ChessBase"]
[SourceDate "2024.09.30"]
[SourceVersion "1"]
[SourceVersionDate "2024.09.30"]
[SourceQuality "1"]

1. d4 Nf6 2. Nf3 d5 3. g3 c6 4. Bg2 Bf5 5. c4 e6 6. Nc3 Nbd7 7. Qb3 Qb6 8. c5 Qa6 9. Bf1 b5 10. Nh4 Qb7 11. Nxf5 exf5 12. a4 a6 13. Bh3 g6 14. 0-0 Bg7 15. Bf4 0-0 16. Bd6 Rfe8 17. e3 h5 18. Bg2 Nf8 19. Be5 Ne4 20. Nxe4 fxe4 21. Bd6 Ne6 22. axb5 axb5 23. Qb4 Ra6 24. Ra5 Rea8 25. Rfa1 R8a7 26. Rxa6 Rxa6 27. Rxa6 Qxa6 28. Qa3 Qxa3 29. bxa3 Bf8 30. Be5 Be7 31. f3 exf3 32. Bxf3 Ng5 33. Bd1 Bd8 34. h4 Ne4 35. Bc2 Nc3 36. Kf2 Kf8 37. Kf3 f5 38. Bd3 Kf7 39. Kf4 Ke6 40. Bd6 Na4 41. Kf3 Nb2 42. Bc2 Nc4 43. a4 b4 44. Kf4 Nd2 45. e4 fxe4 46. Ke3 Nc4+ 47. Kf4 Na5 48. g4 b3 49. Bd1 b2 50. Bc2 Nc4 51. gxh5 gxh5 0-1